Open Data Biblioteca Nacional de Portugal


República Portuguesa: Ministério da Cultura
Biblioteca Nacional de Portugal

Catálogo da BNP: acesso por Identificadores Unívocos
Registos Bibliográficos associados ao registo de autoridade

Etiqueta de registo: 00254nam 2200025 450
001 2153861
003 http://id.bnportugal.gov.pt/bib/catbnp/2153861
010 ## $a978-989-571-146-8
021 ## $aPT$b520576/23
100 ## $a20240123d2023 m y0pory01030103ba
101 1# $apor
102 ## $aPT
105 ## $ay z 000ad
106 ## $ar
200 1# $aMaria I de Inglaterra, a rainha sangrenta$fJordi Soler$gperfil psicológico Vicente Garrido$gtrad. Anabela Silva
210 #9 $a[S.l.]$cAtlântico Press,$dcop. 2023
215 ## $a143 p.$d21 cm
225 2# $aRostos do mal$v20
675 ## $a821.134.2-31"19/20"$vBN$zpor$31146519
675 ## $a32Maria I, Rainha de Inglaterra(0:82-31)$vBN$zpor$31904566
700 #1 $aSoler,$bJordi,$f1963-$31917160
702 #1 $aGarrido,$bVicente,$f1958-$4205$31314385
702 #1 $94$aSilva,$bAnabela$4730$31482833
801 #0 $aPT$bBN$gRPC
856 41 $uhttp://rnod.bnportugal.gov.pt/ImagesBN/winlibimg.aspx?skey=&doc=2153861&img=188118&save=true
900 ## $aBIBNAC$d20240207
966 ## $lBN$mFGMON$sL. 169049 V.$x1
966 ## $lBN$mFGMON$sL. 169049 V.-D$x1
971 ## $corlando$d20240123
972 ## $e0$z0$d20240207$viquintas
973 ## $cacosta$d20240124

Etiqueta de registo: 00000nam 2200025 450
001 2285008
003 http://id.bnportugal.gov.pt/bib/catbnp/2285008
010 ## $a978-989-571-571-8
021 ## $aPT$b547800/25
100 ## $a20260422d2025 m y0pory01030103ba
101 1# $apor
102 ## $aPT
105 ## $aa z 000yy
106 ## $ar
200 1# $aErwin Rommel$e a raposa do deserto$ftextos Jordi Soler
210 #9 $a[S.l.]$cAtlântico Press,$dcop. 2025
215 ## $a141, [2] p.$cil.$d21 cm
225 2# $aProtagonistas da segunda guerra mundial$v3
700 #1 $aSoler,$bJordi,$f1963-$31917160
801 #0 $aPT$bBN$gRPC
966 ## $lBN$mFGMON$x1
966 ## $lBN$mFGMON$x1
971 ## $corlando$d20260422

Etiqueta de registo: 00000nam 2200025 450
001 2285001
003 http://id.bnportugal.gov.pt/bib/catbnp/2285001
010 ## $a978-989-571-575-6
021 ## $aPT$b547804/25
100 ## $a20260422d2025 m y0pory01030103ba
101 1# $apor
102 ## $aPT
105 ## $aa z 000yy
106 ## $ar
200 1# $aHirohito$e o imperador guerreiro$ftextos Jordi Soler
210 #9 $a[S.l.]$cAtlântico Press,$dcop. 2025
215 ## $a139, [2] p.$cil.$d21 cm
225 2# $aProtagonistas da segunda guerra mundial$v7
700 #1 $aSoler,$bJordi,$f1963-$31917160
801 #0 $aPT$bBN$gRPC
966 ## $lBN$mFGMON$x1
966 ## $lBN$mFGMON$x1
971 ## $corlando$d20260422

Etiqueta de registo: 00000nam 2200025 450
001 2284980
003 http://id.bnportugal.gov.pt/bib/catbnp/2284980
010 ## $a978-989-571-578-7
021 ## $aPT$b547807/25
100 ## $a20260422d2025 m y0pory01030103ba
101 1# $apor
102 ## $aPT
105 ## $aa z 000yy
106 ## $ar
200 1# $aFranklin D. Roosevelt$e o eterno presidente$ftextos Jordi Soler
210 #9 $a[S.l.]$cAtlântico Press,$dcop. 2025
215 ## $a139, [2] p.$cil.$d21 cm
225 2# $aProtagonistas da segunda guerra mundial$v10
700 #1 $aSoler,$bJordi,$f1963-$31917160
801 #0 $aPT$bBN$gRPC
966 ## $lBN$mFGMON$x1
966 ## $lBN$mFGMON$x1
971 ## $corlando$d20260422

Etiqueta de registo: 00000nam 2200025 450
001 2285349
003 http://id.bnportugal.gov.pt/bib/catbnp/2285349
010 ## $a978-989-571-591-6
021 ## $aPT$b552038/25
100 ## $a20260428d2025 m y0pory01030103ba
101 1# $apor
102 ## $aPT
105 ## $aa z 000yy
106 ## $ar
200 1# $aGeorgy Zhukov$e o martelo de Estaline$ftextos Jordi Soler
210 #9 $a[S.l.]$cAtlântico Press,$dcop. 2025
215 ## $a141, [2] p.$cil.$d21 cm
225 2# $aProtagonistas da segunda guerra mundial$v23
700 #1 $aSoler,$bJordi,$f1963-$31917160
801 #0 $aPT$bBN$gRPC
966 ## $lBN$mFGMON$x1
966 ## $lBN$mFGMON$x1
971 ## $corlando$d20260428

OpendataBNP@bnportugal.pt | Mais informação sobre acesso aos dados BNP